| 000 | 00752nam a2200253Ia 4500 | ||
|---|---|---|---|
| 003 | OSt | ||
| 005 | 20220918171020.0 | ||
| 006 | a|||||r|||| 00| 0 | ||
| 007 | ta | ||
| 008 | 220917b |||||||| |||| 00| 0 eng d | ||
| 020 |
_a9781137440396 (hbk) _c4571.10 |
||
| 024 | _a286,798 | ||
| 037 |
_b686, 01/12/2015, Selectbook Service Syndicate _cTextual |
||
| 040 |
_aARTS _cARTS _beng |
||
| 041 |
_2eng _aeng |
||
| 082 | _aP:7, Q4 | ||
| 100 |
_aPotts John Ed. _933154 |
||
| 245 | 0 | _aFuture of writing | |
| 260 |
_aNew York _bPalgrave Macmillan U.S.A _c2014 |
||
| 300 |
_aix, 150p. _ccm. |
||
| 650 | _aLINGUISTICS | ||
| 942 |
_hP:7, Q4 _cTEXL _2CC |
||
| 999 |
_c137292 _d137292 |
||